HUMAN ANATOMY AND PHYSIOLOGY - II (Record no. 5824)

MARC details
000 -LEADER
fixed length control field 00401nam a22001577a 4500
005 - DATE AND TIME OF LATEST TRANSACTION
control field 20230119102331.0
008 - FIXED-LENGTH DATA ELEMENTS--GENERAL INFORMATION
fixed length control field 190427b xxu||||| |||| 00| 0 eng d
020 ## - INTERNATIONAL STANDARD BOOK NUMBER
ISBN 978-93-87397-79-8
041 ## - LANGUAGE CODE
Language code of text/sound track or separate title eng
100 ## - MAIN ENTRY--AUTHOR NAME
Personal name PRASAD, DR. MAHESH
245 ## - TITLE STATEMENT
Title HUMAN ANATOMY AND PHYSIOLOGY - II
260 ## - PUBLICATION, DISTRIBUTION, ETC. (IMPRINT)
Place of publication PUNE
Name of publisher NIRALI PRAKASHAN
300 ## - PHYSICAL DESCRIPTION
Number of Pages 1.2p,
650 ## - SUBJECT ADDED ENTRY--TOPICAL TERM
Topical Term PHARMACY
General subdivision B.PHARMA
942 ## - ADDED ENTRY ELEMENTS (KOHA)
Koha item type Books
Holdings
Lost status Damaged status Collection code Home library Current library Shelving location Date acquired Source of acquisition Cost, normal purchase price Accession Number Koha item type
    PHARMACY JRU Library JRU Library Shelf - 23- H 27/04/2019 PURCHESS 125.00 22664 Books
    PHARMACY JRU Library JRU Library Shelf - 23- H 27/04/2019 PURCHESS 125.00 22665 Books
    Reference JRU Library JRU Library SHELF-4-E 27/04/2019 PURCHESS 125.00 22666 Books